000 00380nam a2200169Ia 4500
003 0STCL
008 150530s9999 xx 000 0 und d
040 _aSTCL
_cSTCL
100 _aSoorya Narayan
245 _aKahani Kar Kamalaswar
260 _bPanch Sheel ; Jaipur
_c1977
300 _a0
546 _aHindi
942 _2ddc
_cBK
999 _c64939
_d64939
005 20220125171255.0